| 000 | 01352cam a2200265 4500 | ||
|---|---|---|---|
| 001 | ABS66344 | ||
| 008 | 030114n2003 000 0 eng u | ||
| 035 | _a(Sirsi) u121013 | ||
| 245 | _a2002: the year in focus | ||
| 260 | _c2003 | ||
| 490 |
_aEnvironment Information Bulletin _v(125) January 2003, 12-20(9) |
||
| 520 | _aProvides an overview of important environmental issues, legislation and developments during 2002, with the World Summit in Johannesburg highlighted as a key event. Areas discussed include: access to environmental information, air pollution, climate change, contaminated land, corporate social responsibility, domestic legislation, emissions trading, energy policy, environmental liability,environmental taxation, genetically modified organisms, hazardous substances, integrated pollution prevention and control, marine environment, noise, packaging,radioactivity, soil, sustainable development, vehicle emissions,waste and water. | ||
| 590 | _aABS | ||
| 650 | _aENVIRONMENTAL LEGISLATION | ||
| 650 | _aENVIRONMENTAL ISSUES | ||
| 650 | _aENVIRONMENTAL POLICY | ||
| 650 | _aSUSTAINABLE DEVELOPMENT | ||
| 650 | _aCLIMATE CHANGE | ||
| 650 | _aENVIRONMENTAL INFORMATION | ||
| 650 | _aENVIRONMENTAL LIABILITY | ||
| 650 | _aENERGY POLICY | ||
| 650 | _aWASTE MANAGEMENT | ||
| 690 |
_aEnvironment _96238 |
||
| 942 | _n0 | ||
| 999 |
_c71912 _d71912 |
||